000 00559nam a2200169Ia 4500
008 090711s9999 xx 000 0 und d
082 _b54807
100 _aसाठवणे पां. आ.
245 _aSाुंबक िSाकित्सा भाग 2
260 _c1986
300 _a36
600 _aसाठवणे पां. आ.
630 _aSाुंबक िSाकित्सा भाग 2
700 _aसाठवणे पां. आ.
730 _aSाुंबक िSाकित्सा भाग 2
942 _cBOOK
999 _c312004
_d312004